000 00724cam a22001934a 4500
005 20250605164207.0
008 250528s ||||||||||||||||||||||||d
035 _a20075
020 _a3811421689
040 _aGR-AtMCL
_bgre
_dGR-AtMCL
_eAACR2
245 1 _aUmweltschutz und Recht in Deutscland und Japan / Symposion der rechtswissenschaftlichen Fakultaten der Albert-Ludwigs-Universitat Freiburg
260 _c2000
300 _a426
520 _aGrundlagen und Entwicklung, Wege der Realisierung, Beitrage des Privatrechts und des Zivilverfahrensrechts, Umweltschutz im Arbeits - und Wirtschaftsrecht, Die Rolle des Strafrechts.
700 1 _aMuller C.F
_96130
942 _cBK
999 _c5222
_d5222